| 000 | 00356nam a2200121 i 4500 | ||
|---|---|---|---|
| 001 | bg | ||
| 245 | 0 |
_aAachener Werkzeugmaschinen : _bKolloquium. _nKoll. 6, _pAufwand, Leistung und Wirtschaftlichkeit, neuzeitlicher Werkzeugmaschinen. |
|
| 260 |
_aEssen, _c1953. |
||
| 040 | _cBPK | ||
| 041 | _apol | ||
| 942 | _cKS | ||
| 008 | s pl f |000 0 pol | ||
| 999 |
_c15748 _d15748 |
||
| 856 |
_uhttp://koha.tu.koszalin.pl/cgi-bin/koha/opac-detail.pl?biblionumber=15748 _yKatalog online BPK |
||